000 00353nam a2200133Ia 4500
008 191201s2007 xx 000 0 und d
082 _a006.33
_bJAF
100 _aJANAKIRAMAN, V S
245 0 _aFoundations of Artificial Intalligence and Expert Systems
260 _aN.Delhi
_bMacmillan
_c2007
300 _a231
650 _aB.Tech(IT)
942 _2ddc
_cBK
999 _c3071
_d3071